| 000 | 00903na a2200265 4500 | ||
|---|---|---|---|
| 001 | 16992 | ||
| 003 | MIRAKIL | ||
| 005 | 20181213154820.0 | ||
| 008 | 161020b tu 000 0 | ||
| 035 | _a16992 | ||
| 040 |
_aMilas _btur _cTR-AnCHP |
||
| 041 | _atur | ||
| 082 |
_a341.242 _bA67a 1985 |
||
| 090 | _a341.242 A67a 1985 | ||
| 100 | _aArsava, Ayşe Füsun | ||
| 245 |
_aAvrupa toplulukları hukuku ve bu hukukun ulusal alanda uygulanmasından doğan sorunlar _cAyşe Füsun Arsava |
||
| 260 |
_aAnkara _bA.Ü. Siyasal Bilgiler Fakültesi _c1985 |
||
| 300 |
_axvii, 464 s. _c24 sm. |
||
| 490 |
_aAnkara Üniversitesi Siyasal Bilgiler Fakültesi yayınları _v545 |
||
| 504 | _aKaynakça var. | ||
| 650 |
_aAvrupa toplulukları _xUluslararası hukuk _ySorunlar |
||
| 651 |
_aAvrupa _xUluslararası hukuk _yHukuki durum |
||
| 651 |
_aAvrupa _xUluslararası hukuk _ySorunlar |
||
| 942 |
_2ddc _cBKS |
||
| 999 |
_c1349 _d1349 |
||